Responses for show #4180 - Friday, November 1, 2002

(Sarah: On Jeopardy! today we solve the mysteries of Mayan ruins, well, some of them; stay tuned!)

Contestants

[<< previous game]

Leslie Elmore, a leasing consultant from Arlington, Texas

George Hicks, a law student from Cambridge, Massachusetts

Mark Jurecki, a retired engineer from Carlsbad, California (whose 1-day cash winnings total $12,400)

[next game >>]

Jeopardy! Round responses

THE 1960s
MUSICAL "UP"s & "DOWN"s
TRICKY NUMBERS
GERMAN SCIENCE
NOTORIOUS
IN THE DICTIONARY
    $200 5
Cuba

Mark
    $200 10
"Uptown Girl"

Mark
    $200 16
(Mark: What is 1?)

12

MarkLeslie
    $200 21
nerves

Leslie
    $200 26
Jack the Ripper

George
    $200 1
siren

Mark
    $400 6
catch-22

George
    $400 12
(George: What is "Up Around The Bend"?)

"Down On The Corner"

George
Triple Stumper
    $400 17
(Leslie: What is...)

8

MarkLeslie
    $400 22
heliocentrism

George
    $400 27
electrocution

Mark
    $400 2
silhouettes

Mark
    $600 7
Pat Robertson

George
    $600 13
"Up on the Roof"

Mark
    $600 18
50 (50รท1 (Hawaii))

Triple Stumper
    $600 23
physics

Mark
    $600 28
"Son of Sam"

Mark
    $600 3
annex

Leslie
    $800 8
Trans-Alaska Pipeline

George
    $800 14
"Get Down Tonight"

George
    $800 19
(George: What is 0?)

-40

MarkGeorge
    $800 24
(Alex: Minute to go now.)

syphilis

Mark
    $800 29
[buzzer sounds to end round]

Ma Barker

Leslie
    $800 4
(Mark: What is the ball?)

wheel

MarkGeorge
    $2,600 9
Prague Spring

George
    $1000 15
"Don't Let the Sun Go Down on Me"

George
    $1000 20
one thousand

Triple Stumper
    $1000 25
tetanus

Mark
    $1000 11
sic

George

Scores at the first commercial break (after clue 15):

Mark George Leslie
$800 $7,600 $600

Scores at the end of the Jeopardy! Round:

Mark George Leslie
$5,200 $7,400 $1,400

Double Jeopardy! Round responses

LET'S VISIT BELIZE
UNREAL ESTATE
NAME THE ARTIST
DOUGH
RAY
"ME"
    $400 6
The Castle

Leslie
    $400 23
Charles Dickens

George
    $400 21
(Mark: Who is Picasso?)

Georges Seurat

Mark
Triple Stumper
    $400 1
kneading

Mark
    $400 16
Ray Charles

Mark
    $400 11
mean

Mark
    $800 7
glass-bottomed boats

Leslie
    $800 24
(Leslie: Who is Charlotte Bronte?)
(George: Who is Emily Bronte?)
....
(Alex: We have a minute left, George.)

Anne Bronte

GeorgeLeslie
Triple Stumper
    $800 22
Claude Monet

Triple Stumper
    $800 2
egg roll

Mark
    $800 17
Sugar Ray Robinson

George
    $800 12
meager

Mark
    $1200 8
(George: What is the Organization of American States?)

British Commonwealth

George
Triple Stumper
    $1200 25
Sir Walter Scott

Mark
    $1200 28
Rembrandt

Triple Stumper
    $1200 3
calzone

George
    $1200 18
Raymond Chandler

Mark
    $1200 13
Margaret Mead

George
    $2,000 9
(Leslie: What is Rio de Janeiro?)

Caribbean Sea

Leslie
    $1600 26
John Galsworthy

Triple Stumper
    $1,600 29
Georgia O'Keeffe

Mark
    $1600 4
strudel

Leslie
    $1600 19
Raymond Burr

Leslie
    $1600 14
mediation

Mark
    $2000 10
(Note: Sound problem with part of the clue.)

biodiversity

Mark
    $2000 27
"The Secret Garden"

Triple Stumper
    $2000 30
Jackson Pollock

Triple Stumper
    $2000 5
phyllo

Mark
    $2000 20
Man Ray

Mark
    $2000 15
meson

George

Scores at the end of the Double Jeopardy! Round:

Mark George Leslie
$19,200 $11,000 $3,000

[wagering suggestions for these scores]

Final Jeopardy! Round responses

BUSINESS GEOGRAPHY
LeslieWhat is Washington
$0
GeorgeWhat is Arkansas
$10,998
MarkWhat is Georgia?
$0
Arkansas (Wal-Mart)

Final scores:

Mark George Leslie
$19,200 $21,998 $3,000
2nd place: $2,000 New champion: $21,998 3rd place: $1,000

Game dynamics:

Coryat scores:

Mark George Leslie
$19,200 $9,400 $5,000
24 R
(including 1 DD),
3 W
15 R
(including 1 DD),
4 W
8 R,
3 W
(including 1 DD)

Combined Coryat: $33,600

The J! Archive is created by fans, for fans. The Jeopardy! game show and all elements thereof, including but not limited to copyright and trademark thereto, are the property of Jeopardy Productions, Inc. and are protected under law. This website is not affiliated with, sponsored by, or operated by Jeopardy Productions, Inc. Join the discussion at JBoard.tv.